00704nam a2200193 i 4500001000700000003000900007005001700016007000300033008004100036100002500077245015600102250001300258260003200271300002200303700002400325852002100349999001900370952012100389113341ES-MaACL20230906185843.0t|061121s1915 fr r ||||1| fre d1 aMurat, Louis.98454112aL'idee de Dieu dans les sciences contemporaines b: les merveilles du monde animal / cpar Dr. Louis Murat ; en collaboratión avec le Dr. Paul Murat. a2e èd. aParis : bP. Tequi, c1915. a390 p. ; c19 cm.1 aMurat, Paul.984542 aES-MaACLjD-1336 c113341d113341 00104070aATENEOMbATENEOMcSVId2008-01-17eSCl0oD-1336p901118216r2023-02-23 00:00:00w2023-02-23yMONOGRAFIA